| 000 | 00417nam a22001337a 4500 | ||
|---|---|---|---|
| 008 | 230605b xxu||||| |||| 00| 0 eng d | ||
| 020 | _a0904979121 | ||
| 082 |
_a328.33 _bSCT |
||
| 245 |
_aTHe Journal of the Society of Clerks-At-The-Table in Commonwealth Parliaments _bThe Table |
||
| 260 |
_aLondon _bSociety of Clerks-At-The-Table in Commonwealth Parliaments _c2000 |
||
| 300 | _a213p | ||
| 440 | _v68 | ||
| 942 |
_2ddc _cBK |
||
| 999 |
_c428 _d428 |
||